Imagine Me (Record no. 369888)

MARC details
000 -LEADER
fixed length control field 00221 a2200109 4500
005 - DATE AND TIME OF LATEST TRANSACTION
control field 20260114123241.0
020 ## - INTERNATIONAL STANDARD BOOK NUMBER
International Standard Book Number 9780008606640
100 ## - MAIN ENTRY--PERSONAL NAME
Personal name Mafi T.
9 (RLIN) 216344
245 ## - TITLE STATEMENT
Title Imagine Me
260 ## - PUBLICATION, DISTRIBUTION, ETC. (IMPRINT)
Name of publisher, distributor, etc. Dean
Date of publication, distribution, etc. 2023
942 ## - ADDED ENTRY ELEMENTS (KOHA)
Koha item type Article
Holdings
Withdrawn status Lost status Source of classification or shelving scheme Damaged status Not for loan Home library Current library Date acquired Vendor Cost, normal purchase price Total Checkouts Full call number Barcode Date last seen Cost, replacement price Bill Date Koha item type
    Dewey Decimal Classification     Cummins College of Engineering for Women Pune Cummins College of Engineering for Women Pune 27/01/2026 115 182.22   813.6 MAF CCEP-BK-70198 27/01/2026 227.77 27/01/2026 Books